000 00480pab a2200169 454500
008 180718b2015 xxu||||| |||| 00| 0 eng d
100 _aIftikhar, Syed Faizan
245 _aThe nexus of capital account liberalization, financial development and economic growth
260 _c2015
300 _ap.1-17.
362 _aSep
650 _aFinancial administration
650 _aLiberalization
650 _aEconomic growth
773 _aAsian Economic Review
909 _a109502
999 _c109497
_d109497